00897 2200349 4500001002100000005001500021035002000036007000300056008004100059020001800100082001000118084001600128084002000144084002000164084002000184100001500204245008200219250001000301260003100311300002400342500005500366600002100421990000900442990000900451990000900460990001300469990001300482990001300495990001300508990001300521990001300534INLIS00000000000753620251216044823 a0010-1221000034ta251216 g 0 ind  a978602-332963 a153.3 a153.3 ALF t a153.3 DEY t C.1 a153.3 DEY t C.2 a153.3 DEY t C.30 aDEYES ALFI1 aThe Pointless Book :bBebaskan imajinasimu dan mainkan buku ini /cALFI DEYES acet.1 aJakarta :bGramedia,c2020 a192 :bilus ;c21cm aThe pointless book adalah tantangan baru yang seru 4aAhli Bibliografi a4478 a4479 a4480 a022.7706 a022.7707 a022.7708 a023.2980 a023.2979 a023.2978